Serum ferritin level as a marker of disease activity and renal involvement in Egyptian children with Juvenile Systemic Lupus Erythematosus / (رقم التسجيلة. 59485)

تفاصيل مارك
000 -LEADER
fixed length control field 02261cam a2200349 a 4500
003 - CONTROL NUMBER IDENTIFIER
control field EG-GiCUC
005 - DATE AND TIME OF LATEST TRANSACTION
control field 20250223031640.0
008 - FIXED-LENGTH DATA ELEMENTS--GENERAL INFORMATION
fixed length control field 170615s2016 ua dh f m 000 0 eng d
040 ## - CATALOGING SOURCE
Original cataloging agency EG-GiCUC
Language of cataloging eng
Transcribing agency EG-GiCUC
041 0# - LANGUAGE CODE
Language code of text/sound track or separate title eng
049 ## - LOCAL HOLDINGS (OCLC)
Holding library Deposite
097 ## - Thesis Degree
Thesis Level M.Sc
099 ## - LOCAL FREE-TEXT CALL NUMBER (OCLC)
Classification number Cai01.11.28.M.Sc.2016.Bi.S
100 0# - MAIN ENTRY--PERSONAL NAME
Personal name Bishoy Ibrahim Halim Khalifa
245 10 - TITLE STATEMENT
Title Serum ferritin level as a marker of disease activity and renal involvement in Egyptian children with Juvenile Systemic Lupus Erythematosus /
Statement of responsibility, etc. Bishoy Ibrahim Halim Khalifa ; Supervised Samia Salah Eldin Mahmoud , Yomna Mohamed Farag , Doaa Mohamed Geith
246 15 - VARYING FORM OF TITLE
Title proper/short title مستوى الفيريتين فى الدم كعلامة من علامات نشاط المرض و تأثر الكلى فى حالات الذئبة الحمراء الصبيانى في الأطفال المصريين
260 ## - PUBLICATION, DISTRIBUTION, ETC.
Place of publication, distribution, etc. Cairo :
Name of publisher, distributor, etc. Bishoy Ibrahim Halim Khalifa ,
Date of publication, distribution, etc. 2016
300 ## - PHYSICAL DESCRIPTION
Extent 103 P. :
Other physical details charts , facsimiles ;
Dimensions 25cm
502 ## - DISSERTATION NOTE
Dissertation note Thesis (M.Sc.) - Cairo University - Faculty of Medicine - Department of Pediatrics
520 ## - SUMMARY, ETC.
Summary, etc. Juvenile systemic lupus erythematosus (JSLE) is a multi-system autoimmune disease associated with formation of auto-antibodies. Higher serum ferritin levels have been observed in inflammatory conditions as SO JIA & MAS. This study assesses its use as a marker of disease activity & lupus nephritis in JSLE. This is a cross-sectional study conducted on 48 JSLE patients and 43 healthy controls. Serum ferritin level was measured using ELISA technique. Our results showed that serum ferritin is significantly higher in JSLE patients compared with controls. Also, it has positive correlation with SLEDAI-2K, renal SLEDAI,SLICC renal activity score, C3 and anti ds DNA level. Therefore, serum ferritin can be used as a marker for disease activity& renal activity
530 ## - ADDITIONAL PHYSICAL FORM AVAILABLE NOTE
Additional physical form available note Issued also as CD
653 #4 - INDEX TERM--UNCONTROLLED
Uncontrolled term JSLE
653 #4 - INDEX TERM--UNCONTROLLED
Uncontrolled term Lupus nephritis
653 #4 - INDEX TERM--UNCONTROLLED
Uncontrolled term Serum ferritin
700 0# - ADDED ENTRY--PERSONAL NAME
Personal name Doaa Mohamed Geith ,
Relator term
700 0# - ADDED ENTRY--PERSONAL NAME
Personal name Samia Salah Eldin Mahmoud ,
Relator term
700 0# - ADDED ENTRY--PERSONAL NAME
Personal name Yomna Mohamed Farag ,
Relator term
856 ## - ELECTRONIC LOCATION AND ACCESS
Uniform Resource Identifier <a href="http://172.23.153.220/th.pdf">http://172.23.153.220/th.pdf</a>
905 ## - LOCAL DATA ELEMENT E, LDE (RLIN)
Cataloger Enas
Reviser Cataloger
905 ## - LOCAL DATA ELEMENT E, LDE (RLIN)
Cataloger Nazla
Reviser Revisor
942 ## - ADDED ENTRY ELEMENTS (KOHA)
Source of classification or shelving scheme Dewey Decimal Classification
Koha item type Thesis
المقتنيات
Source of classification or shelving scheme Not for loan Home library Current library Date acquired Full call number Barcode Date last seen Koha item type Copy number
Dewey Decimal Classification   المكتبة المركزبة الجديدة - جامعة القاهرة قاعة الرسائل الجامعية - الدور الاول 11.02.2024 Cai01.11.28.M.Sc.2016.Bi.S 01010110070579000 22.09.2023 Thesis  
Dewey Decimal Classification   المكتبة المركزبة الجديدة - جامعة القاهرة مخـــزن الرســائل الجـــامعية - البدروم 11.02.2024 Cai01.11.28.M.Sc.2016.Bi.S 01020110070579000 22.09.2023 CD - Rom 70579.CD
Cairo University Libraries Portal Implemented & Customized by: Eng. M. Mohamady Contacts: new-lib@cl.cu.edu.eg | cnul@cl.cu.edu.eg
CUCL logo CNUL logo
© All rights reserved — Cairo University Libraries
CUCL logo
Implemented & Customized by: Eng. M. Mohamady Contact: new-lib@cl.cu.edu.eg © All rights reserved — New Central Library
CNUL logo
Implemented & Customized by: Eng. M. Mohamady Contact: cnul@cl.cu.edu.eg © All rights reserved — Cairo National University Library